000 00738nam a2200193Ia 4500
008 090123s9999 xx 000 0 und d
082 _b23283
100 _aअजमेरा सुर्यकांत
245 _aशोकात्मिका :काही विचार
250 _a1
260 _bचेतश्री प्रकाशन
_c1993
300 _a132
600 _aअजमेरा सुर्यकांत
630 _aशोकात्मिका :काही विचार
700 _aअजमेरा सुर्यकांत
700 _aअजमेरा सुर्यकांत
730 _aशोकात्मिका :काही विचार
942 _cBOOK
999 _c61355
_d61355